Чудодейната сила на водата: сребърна, кислородна, "жива" и мъртва" (Запис номер 325962)
[ съкратено ]
| 000 -Лидер | |
|---|---|
| Контролно поле с фиксирана дължина | 01663nam a2200409 c 4500 |
| 003 - Код на организацията, давaща контролен номер | |
| Контролно поле | BLK |
| 005 - Дата и час на последна редакция | |
| Контролно поле | 20250301094246.0 |
| 008 - Елементи от данни с фиксирана дължина | |
| fixed length control field | 180409b bul|||||r ||||||| ||bul|| |
| 010 ## - Наследен системен номер | |
| LC control number | KNG00125465000 |
| 020 ## - Международен стандартен номер на книга ISBN | |
| Международен стандартен номер на книга ISBN | 978-619-153-197-4 |
| 040 ## - Източник на каталожния запис | |
| Идентификатор на билиотеката - собственик на записа | BLK |
| 041 ## - Код за език | |
| Код за езика на текст/звукозапис или на отделно заглавие | Български |
| Код за езика КДБФ | Български |
| 072 #7 - Код за тематичната категория | |
| Код организация | bullib |
| Код за тематична категория | Н61 |
| Текст | Медицина Н |
| 080 ## - УДК | |
| Текстов определител УДК | Народна медицина. Лечение с домашни средства |
| УДК код - определител по УДК | 615.89 |
| УДК определител | (02.062) |
| УДК - код + определител | 615.89(02.062) |
| 080 ## - УДК | |
| Текстов определител УДК | Водороден прекис H2O2 |
| УДК код - определител по УДК | 546.215 |
| УДК определител | (02.062) |
| УДК - код + определител | 546.215(02.062) |
| 100 1# - Редна дума - Автор | |
| Автор | Семьонова, Анастасия Николаевна |
| Авторска отговорност | първи автор |
| R(LIN) | 292722 |
| 139 ## - Редно поле | |
| Редна дума | Семьонова, Анастасия Николаевна |
| Авторски знак | Сем - С 32 |
| 245 10 - Сведения за заглавието | |
| Заглавие | Чудодейната сила на водата: сребърна, кислородна, "жива" и мъртва" |
| Редно поле (дума) | Анастасия Николаевна Семьонова; прев. от рус. Лиляна Мандаджиева |
| 257 ## - Страна на издаване | |
| Страна на създаване/издаване | Русия |
| 260 ## - Област на издателските данни | |
| Име на издателя, разпространителя и проч. | Паритет |
| Година на издаване | 2018 |
| Печатница | София : Анториери |
| 300 ## - Физическа характеристика | |
| Страници | 232 с. |
| Размери/Мащаб | 20 см |
| 380 ## - Жанр | |
| Жанр | Медицина |
| 650 #0 - Допълнително описание по предмет – тема | |
| Основно описание – тема или топоним | Вода - лечебно действие |
| 9 (RLIN) | 269026 |
| 653 ## - Ключова дума – ненормативна | |
| Ключова дума | водороден прекис |
| 653 ## - Ключова дума – ненормативна | |
| Ключова дума | кислородотерапия |
| 653 #7 - Ключова дума – ненормативна | |
| Ключова дума | сребърна вода |
| 9 (RLIN) | 197208 |
| 659 ## - Тематичен бюлетин | |
| Тематичен бюлетин | Н |
| 700 ## - Други автори (авторска отговорност) | |
| Лично име | Мандаджиева, Лиляна Дамянова |
| Автороска отговорност (Описва отношението между автора и произведението) | прев. |
| 9 (RLIN) | 381268 |
| 852 ## - Местоположение | |
| Фондова буква | Заемна - подръчен фонд |
| 856 4# - Електронен адрес и достъп | |
| Електронен формат | pdf - файл |
| 856 4# - Електронен адрес и достъп | |
| Електронен формат | pdf - файл |
| 999 ## - СИСТЕМНИ КОНТРОЛНИ НОМЕРА | |
| Koha biblionumber | 325962 |
| Koha biblioitemnumber | 325962 |
| 942 ## - АРТИКУЛИ | |
| Вид на библиотечния материал | Книги |
| Скрит в OPAC | Не |
| Koha issues (borrowed), all copies | 10 |
| 999 ## - СИСТЕМНИ КОНТРОЛНИ НОМЕРА | |
| Koha biblioitemnumber | 325962 |
| 999 ## - СИСТЕМНИ КОНТРОЛНИ НОМЕРА | |
| Koha biblioitemnumber | 325962 |
| 999 ## - СИСТЕМНИ КОНТРОЛНИ НОМЕРА | |
| Koha biblioitemnumber | 325962 |
| 944 ## - СЪЗДАВАНЕ И РЕДАКЦИЯ на ЗАПИСА | |
| Служител, извършил регистрацията/редакцията | 30546 |
| Статус, дата на статуса | Ренета Константинова |
| Код за отписване | Код за изгубен артикул | Източник на класификационната схема | Код за повреда | Коз за рестрикции | Код за отдаване | Артикулен № | Име на библиотеката - собственик | Име на библиотеката, в която се намира в момента | Статус (Текущо местоположение) | Дата на вписване в системата | Местоположение - отдел | Цена в лева | Инвентарен номер | Систематично азбучна сигнатура | Баркод | Цена в евро | Служебен тип на артикула |
|---|---|---|---|---|---|---|---|---|---|---|---|---|---|---|---|---|---|
| Не е изгубен | Universal Decimal Classification | Не е повреден | без рестрикции | заемане за дома | 681961 | Регионална библиотека "Любен Каравелов" Русе | Регионална библиотека "Любен Каравелов" Русе | Заемна - подръчен фонд | 2018-11-07 | Заемна - подръчен фонд | 11.99 | 120000825639 | П 615.89/С 32 | 120000825639 | 6.13 | Книги | |
| Не е изгубен | Universal Decimal Classification | Не е повреден | само за читалня | ползва се в читалня | 802970 | Регионална библиотека "Любен Каравелов" Русе | Регионална библиотека "Любен Каравелов" Русе | Хранилище | 2020-10-07 | Хранилище | 15.99 | Цб 304129 | 120000848994 | 8.18 | Книги |